| 000 | 00894nam a2200241 a 4500 | ||
|---|---|---|---|
| 001 | 47440 | ||
| 003 | BD-RjUL | ||
| 005 | 20211209054320.0 | ||
| 008 | 160808s2003 bg ||||| |||| 00| 0 ben d | ||
| 020 |
_a9848430223 _c: Tk. 270.00 |
||
| 035 | _a(BD-RjUL)47559 | ||
| 040 |
_aBD-RjUL _bben _cBD-RjUL |
||
| 041 | _aben | ||
| 082 |
_223 _a344.05 _bMIA 2003 |
||
| 100 | 1 |
_aমিয়া, ছিদ্দিকুর রহমান. _9143803 |
|
| 245 | 1 | 0 |
_aঅস্ত্র ও বিস্ফোরক আইন : _b[সর্বশেষ সংশোধনীসহ ] / |
| 250 | _a২য় সং | ||
| 260 |
_aচট্টগ্রাম : _bকামরুল বুক হাউস, _c২০০৩ |
||
| 300 |
_a(২৩), ২৭১ পৃ. ; _c২১ সেমি. |
||
| 650 |
_aপুলিশ সার্ভিস _9144273 |
||
| 650 |
_aPolice service _9144274 |
||
| 942 |
_2ddc _cBK |
||
| 999 |
_c47440 _d47440 |
||